Wszystkie Flagi Afryki - Statystyki

Ogólne statystyki
  • Ten quiz został rozwiązany 325 razy
  • Średni wynik to 39 z 58
Statystyki odpowiedzi
Obrazkowy Odpowiedź % Poprawnych
Egipt
95%
Etiopia
91%
Algieria
88%
Czad
88%
Kenia
88%
Angola
87%
Maroko
87%
Południowa Afryka
83%
Burkina Faso
82%
Nigeria
82%
Madagaskar
81%
Tunezja
81%
Wybrzeże Kości Słoniowej
81%
Demokratyczna Republika Konga
79%
Liberia
79%
Seszele
79%
Botswana
78%
Somalia
78%
Burundi
77%
Niger
77%
Eswatini
76%
Kamerun
76%
Libia
76%
Uganda
75%
Erytrea
73%
Ghana
73%
Lesotho
73%
Zambia
72%
Mozambik
70%
Republika Środkowoafrykańska
70%
Senegal
70%
Komory
69%
Benin
68%
Republika Zielonego Przylądka
68%
Gabon
67%
Mali
66%
Sudan
66%
Kongo
65%
Mauretania
65%
Gwinea
64%
Tanzania
64%
Zimbabwe
64%
Sierra Leone
63%
Gwinea Równikowa
62%
Rwanda
62%
Sudan Południowy
62%
Malawi
61%
Togo
61%
Gambia
60%
Mauritius
56%
Wyspy Świętego Tomasza i Książęca
56%
Gwinea Bissau
55%
Namibia
55%
Sahara Zachodnia
22%
Majotta
21%
Somaliland
18%
Francuskie Terytoria Południowe i Antarktyczne
10%
Wyspa Świętej Heleny
10%
Nie znaleziono quizów pasujących do podanych kryteriów
Rozkład punktacji
Procent ludzi z każdym wynikiem
Percentyl według liczby udzielonych odpowiedzi
Twoja historia wyników
Nie rozwiązałeś tego quizu